Statistics for Biggest World Cities by Letter - I

Click here to take the quiz!

General Stats

  • This quiz has been taken 4,439 times
  • The average score is 3 of 6

Answer Stats

Country Population City % Correct
Turkey15.8 milIstanbul
97%
United States1.98 milIndianapolis
76%
Turkey3.03 milIzmir
55%
Iran3.15 milIsfahan
29%
Nigeria3.48 milIbadan
26%
India3.08 milIndore
17%

Score Distribution

Percentile by Number Answered

Percent of People with Each Score

Your Score History

You have not taken this quiz